000
00304nam a22001337a 4500
008
181019b xxu||||| |||| 00| 0 eng d
020
_a
072166427-X
041
_a
eng
080
_a
617
100
_a
8
101
_a
ORT
245
_a
Sociosis and Other Spinal Deformities
_c
Finch,M.E
942
_2
udc
_c
BK
999
_c
50220
_d
50220